| 000 | 00488nam a22001697a 4500 | ||
|---|---|---|---|
| 999 |
_c26856 _d26856 |
||
| 003 | BDDh-ASL | ||
| 005 | 20231015030707.0 | ||
| 008 | 211020s1901 ii ||||| |||| 00| 0 u d | ||
| 040 |
_aBDDh-ASL _cBDDh-ASL |
||
| 082 |
_a297.181 _bBAM |
||
| 100 | 1 |
_95217 _aBakhsh, Masulavi Mohammad Khuda |
|
| 245 | 1 | 0 | _aMajmua Rasail-e Arba : / مجموعہ رسائل اربعہ |
| 260 |
_aLucknow : _c1901. |
||
| 300 |
_a28 p. : _c25 cm. |
||
| 650 | 0 |
_92539 _aIslamic Philosophy |
|
| 942 |
_2ddc _cBK |
||